000 00473nam a2200157 a 4500
001 000020949
005 20200930011210.0
008 100824s1986 dr c 000 0 spa d
040 _aDO-SdBNP
_bspa
_cBNPHU
082 _axxx
_bS939r
100 1 _aSuárez, R. Angeles
_943882
245 1 0 _aRepública Dominicana :
_bantesala de la crisis /
_cR. Angeles Suárez.
260 _aSanto Domingo :
_bAmigo del Hogar,
_c1986.
300 _a295 p. :
_bretrs. ;
_c22 cm.
049 _aBNPD
999 _c20452
_d20452